| 000 | 00695cam a2200289ua 4500 | ||
|---|---|---|---|
| 020 | _c11.50 | ||
| 041 |
_amal _h |
||
| 082 |
_a630.01 _bKRI/KU |
||
| 100 | _aKunjikrishnan, . | ||
| 245 |
_aKrishi bodhini / _cKunjikrishnan. _hTextual Documents |
||
| 250 |
_a1 / _b. |
||
| 260 |
_aNew Delhi : _bIndian Council for Agricultural Research , _c1972. |
||
| 300 | _a339 ; . | ||
| 365 | _a11.50 | ||
| 504 | _a | ||
| 942 | _cBK | ||
| 999 |
_c9995 _d9995 |
||